| 000 | 00629nam a2200193 a 4500 | ||
|---|---|---|---|
| 003 | MX-MxUPN | ||
| 005 | 20231020063930.0 | ||
| 008 | 230815s1965 enka||||r|||| 000 0 eng d | ||
| 040 |
_aMX-MxUPN _bspa _cMX-MxUPN |
||
| 041 | 0 | _aeng | |
| 050 | 1 | 4 |
_aLB1576 I51 _bC37 1965 |
| 100 | 1 |
_aCarver, Clifford N. _q(Clifford Nickels), _d1890-1965 _931558 |
|
| 245 | 1 | 0 |
_aOxford junior : _bworkbook 1 |
| 260 |
_aOxford : _bOxford University Press, _c1965. |
||
| 300 |
_a46 páginas : _bilustraciones |
||
| 650 | 4 |
_aInglés _xEstudio y enseñanza (Elemental) _95087 |
|
| 902 |
_aMarielOrtiz/150823 _bVíctor Ruiz/191023 |
||
| 942 |
_2lcc _cLIBRO |
||
| 999 |
_c210033 _d210033 |
||